Letterboxd Official Top 500 Narrative Feature Films - Statistics

General Stats
  • This quiz has been taken 130 times
    9 since last reset
  • The average score is 113 of 500
Answer Stats
Hint Answer % Correct
Bong-Joon-ho (2019) Parasite
100%
Christopher Nolan (2014) Interstellar
88%
Fritz Lang (1931) M
88%
Steven Spielberg (1993) Schindler's List
88%
David Fincher (1995) Se7en
88%
Christopher Nolan (2008) The Dark Knight
88%
Francis Ford Coppola (1972) The Godfather
88%
Stanley Kubrick (1968) 2001 : A Space Odyssey
75%
Federico Fellini (1963) 8 1/2
75%
Ridley Scott (1979) Alien
75%
Quentin Tarantino (2012) Django Unchained
75%
Masaki Kobayashi (1962) Harakiri
75%
Frank Capra (1946) It's a Wonderful Life
75%
Christopher Nolan (2023) Oppenheimer
75%
Quentin Tarantino (1994) Pulp Fiction
75%
Steven Spielberg (1981) Raiders of the Lost Ark
75%
Sergio Leone (1966) The Good, The Bad, and the Ugly
75%
Frank Darabont (1994) The Shawshank Redemption
75%
Sidney Lumet (1957) 12 Angry Men
63%
Jang Hoon (2017) A Taxi Driver
63%
Elem Klimov (1985) Come and See
63%
Stanley Kubrick (1964) Dr Strangelove or : How I Learned to Stop Worrying and Love the Bomb
63%
Daniel Scheinert/Daniel Kwan (2022) Everything Everywhere All At Once
63%
Wes Anderson (2009) Fantastic Mr.Fox
63%
David Fincher (1999) Fight Club
63%
Robert Zemeckis (1994) Forrest Gump
63%
Jordan Peele (2017) Get Out
63%
Martin Scorsese (1990) Goodfellas
63%
Michael Mann (1995) Heat
63%
Hayao Miyazaki (2004) Howl's Moving Castle
63%
Quentin Tarantino (2009) Inglourious Basterds
63%
Park Chan-Wook (2003) Oldboy
63%
Paul Thomas Anderson (2025) One Battle after Another
63%
Hayao Miyazaki (1997) Princess Mononoke
63%
Phil Lord/Christopher Miller (2026) Project Hail Mary
63%
Alfred Hitchcock (1954) Rear Window
63%
Quentin Tarantino (1992) Reservoir Dogs
63%
Akira Kurosawa (1954) Seven Samurai
63%
Hayao Miyazaki (2001) Spirited Away
63%
George Lucas (1977) Star Wars
63%
Francis Ford Coppola (1974) The Godfather : Part 2
63%
Wes Anderson (2014) The Grand Budapest Hotel
63%
Peter Jackson (2001) The Lord of the Rings : The Fellowship of the Ring
63%
Peter Jackson (2003) The Lord of the Rings : the Return of the King
63%
Peter Jackson (2002) The Lord of the Rings : The Two Towers
63%
Andrei Tarkovsky (1966) Andrei Rublev
50%
Francis Ford Coppola (1979) Apocalypse Now
50%
Paul Thomas Anderson (1997) Boogie Nights
50%
Martin Scorsese (1995) Casino
50%
Fernando Meirelles (2002) City of God
50%
Spike Lee (1989) Do The Right Thing
50%
Denis Villeneuve (2024) Dune : Part Two
50%
Michel Gondry (2004) Eternal Sunshine of the Spotless Mind
50%
Joel Coen (1996) Fargo
50%
Gus Van Sant (1997) Good Will Hunting
50%
Isao Takahata (1988) Grave of the Fireflies
50%
Chloe Zhao (2025) Hamnet
50%
Akira Kurosawa (1963) High and Low
50%
Akira Kurosawa (1952) Ikiru
50%
Christopher Nolan (2010) Inception
50%
Wong Kar-Wai (2000) In the Mood for Love
50%
Hayao Miyazaki (1989) Kiki's Delivery Service
50%
Greta Gerwig (2019) Little Women
50%
Christopher Nolan (2000) Memento
50%
Hirokazu Kore-eda (2023) Monster
50%
Hayao Miyazaki (1988) My Neighbor Totoro
50%
Joel Coen/Ethan Coen (2007) No Country for Old Men
50%
Sergio Leone (1968) Once upon a Time in the West
50%
Satoshi Kon (1997) Perfect Blue
50%
Alfred Hitchcock (1960) Psycho
50%
Akira Kurosawa (1985) Ran
50%
Akira Kurosawa (1950) Rashomon
50%
Steven Spielberg (1998) Saving Private Ryan
50%
Brian de Palma (1983) Scarface
50%
Buster Keaton (1924) Sherlock Jr
50%
Martin Scorsese (2010) Shutter Island
50%
Rob Reiner (1986) Stand By Me
50%
Billy Wilder (1960) The Apartment
50%
Mikhail Kalatozov (1957) The Cranes are Flying
50%
Charlie Chaplin (1940) The Great Dictator
50%
Masaki Kobayashi (1959) The Human Condition 1 : No Greater Love
50%
Masaki Kobayashi (1959) The Human Condition 2 : Road to Eternity
50%
Masaki Kobayashi (1961) The Human Condition 3 : A Soldier's Prayer
50%
Roman Polanski (2002) The Pianist
50%
Ingmar Bergman (1957) The Seventh Seal
50%
Stanley Kubrick (1980) The Shining
50%
John Carpenter (1982) The Thing
50%
Peter Weir (1998) The Truman Show
50%
Satoshi Kon (2003) Tokyo Godfathers
50%
Andrew Stanton (2008) WALL-E
50%
Damien Chazelle (2014) Whiplash
50%
Edward Yang (2000) Yi Yi
50%
Steve McQueen (2013) 12 Years a Slave
38%
Katsuhiro Otomo (1988) Akira
38%
Robert Zemeckis (1985) Back to the Future
38%
Stanley Kubrick (1975) Barry Lyndon
38%
Darren Aronofsky (2010) Black Swan
38%
Ang Lee (2005) Brokeback Mountain
38%
Michael Curtiz (1942) Casablanca
38%
Orson Welles (1941) Citizen Kane
38%
Charlie Chaplin (1931) City Lights
38%
Peter Weir (1989) Dead Poets Society
38%
Akira Kurosawa (1990) Dreams
38%
Ingmar Bergman (1982) Fanny and Alexander
38%
Ridley Scott (2000) Gladiator
38%
Dean DeBlois/Chris Sanders (2010) How To Train Your Dragon
38%
Park Chan-Wook (2000) Joint Security Area
38%
Quentin Tarantino (2003) Kill Bill : Volume 1
38%
Mathieu Kassovitz (1995) La Haine
38%
Roberto Benigni (1997) Life is Beautiful
38%
Sion Sono (2008) Love Exposure
38%
George Miller (2015) Mad Max : Fury Road
38%
Bong Joon-Ho (2003) Memories of Murder
38%
Charlie Chaplin (1936) Modern Times
38%
Xavier Dolan (2014) Mommy
38%
Terry Jones/Terry Gilliam (1975) Monty Python and The Holy Grail
38%
Bong Joon-Ho (2009) Mother
38%
Alfred Hitchcock (1959) North by Northwest
38%
Miloš Forman (1975) One Flew Over the Cuckoo’s Nest
38%
Peter Bogdanovich (1973) Paper Moon
38%
Wim Wenders (1984) Paris, Texas
38%
Stanley Kubrick (1957) Paths of Glory
38%
Wim Wenders (2023) Perfect Days
38%
Paul Thomas Anderson (2017) Phantom Thread
38%
Joel Crawford (2022) Puss in Boots : The Last Wish
38%
Martin Scorsese (1980) Raging Bull
38%
Brad Bird (2007) Ratatouille
38%
Roman Polanski (1968) Rosemary's Baby
38%
Joachim Trier (2025) Sentimental Value
38%
Stanley Donen/Gene Kelly (1952) Singin' in the Rain
38%
Andrei Tarkovsky (1972) Solaris
38%
Billy Wilder (1959) Some Like it Hot
38%
Justin K.Thompson/Kemp Powers/Joaquim Dos Santos (2023) Spider-man : Across the Spider-Verse
38%
Bob Persichetti/Peter Ramsey/Rodney Rothman (2018) Spider-man : Into the Spider-Verse
38%
Andrei Tarkovsky (1979) Stalker
38%
James Cameron (1991) Terminator 2 : Judgment Day
38%
Martin Scorsese (2006) The Departed
38%
David Lynch (1980) The Elephant Man
38%
Irvin Kershner (1980) The Empire Strikes Back
38%
Frank Darabont (1999) The Green Mile
38%
Park Chan-Wook (2016) The Handmaiden
38%
Brad Bird (1999) The Iron Giant
38%
Roger Allers/Rob Minkoff (1994) The Lion King
38%
Lana Wachowski/Lilly Wachowski (1999) The Matrix
38%
Andrey Zvyagintsev (2003) The Return
38%
Paul Thomas Anderson (2007) There Will be Blood
38%
Jonathan Demme (1991) The Silence of the Lambs
38%
Robert Wise (1965) The Sound of Music
38%
Chris Sanders (2024) The Wild Robot
38%
Yasujirō Ozu (1953) Tokyo Story
38%
David Lynch (1992) Twin Peaks : Fire Walk With Me
38%
Alfred Hitchcock (1958) Vertigo
38%
Ingmar Bergman (1957) Wild Strawberries
38%
Makoto Shinkai (2016) Your Name
38%
Costa-Gravas (1969) Z
38%
Vidhu Vinod Chopra (2023) 12th Fail
25%
Edward Yang (1991) A Brighter Summer Day
25%
Lewis Milestone (1930) All Quiet on the Western Front
25%
Miloš Forman (1984) Amadeus
25%
Jean-Pierre Jeunet (2001) Amélie
25%
Yasujirō Ozu (1962) An Autumn Afternoon
25%
Hu Bo (2018) An Elephant Sitting Still
25%
Denis Villeneuve (2016) Arrival
25%
Naoko Yamada (2016) A Silent Voice
25%
Ingmar Bergman (1978) Autumn Sonata
25%
John Cassavetes (1974) A Woman Under the Influence
25%
Richard Linklater (1995) Before Sunrise
25%
Richard Linklater (2004) Before Sunset
25%
Tatsuya Yoshihara (2025) Chainsaw Man – The Movie: Reze Arc
25%
Alfonso Cuaron (2006) Children of Men
25%
Wong Kar-Wai (1994) Chungking Express
25%
Giuseppe Tornatore (1988) Cinema Paradiso
25%
Abbas Kiarostami (1990) Close-up
25%
Henry Selick (2009) Coraline
25%
Ingmar Bergman (1972) Cries and Whispers
25%
Alfred Hitchcock (1954) Dial M for Murder
25%
Sidney Lumet (1975) Dog Day Afternoon
25%
Ryusuke Hamaguchi (2021) Drive My Car
25%
Katsuichi Nakayama/Kazuya Tsurumaki/Mahiro Maeda/Hideaki Anno (2021) Evangelion 3.0+1.0 : Thrice Upon a Time
25%
Wong Kar-Wai (1995) Fallen Angels
25%
Sergio Leone For a Few Dollars More
25%
Stanley Kubrick (1987) Full Metal Jacket
25%
Denis Villeneuve (2010) Incendies
25%
Kazuhisa Takenouchi/Leiji Matsumoto/Hirotoshi Rissen/Daisuke Nishio (2003) Interstella 5555 : The 5tory of the 5ecret 5tar 5ystem
25%
Don Hertzfeldt (2012) It’s Such a Beautiful Day
25%
Masaki Kobayashi (1964) Kwaidan
25%
David Lean (1962) Lawrence of Arabia
25%
Valerie Faris/Jonathan Dayton (2006) Little Miss Sunshine
25%
Paul Thomas Anderson (1999) Magnolia
25%
Spike Lee (1992) Malcolm X
25%
Dean Fleischer Camp (2021) Marcel the Shell with Shoes On
25%
Fritz Lang (1927) Metropolis
25%
Satoshi Kon (2001) Millenium Actress
25%
Andrei Tarkovsky (1975) Mirror
25%
Barry Jenkins (2016) Moonlight
25%
Tony Bancroft/Barry Cook (1998) Mulan
25%
David Lynch (2001) Mulholland Drive
25%
Hayao Miyazaki (1984) Nausicaa of the Valley of the Wind
25%
Kazuya Tsurumaki/Hideaki Anno (1997) Neon Genesis Evangelion: The End of Evangelion
25%
Matt Johnson (2025) Nirvanna the Band the Show the Movie
25%
Sergio Leone (1984) Once Upon a Time in America
25%
Carl Theodor Dreyer (1955) Ordet
25%
Guillermo del Toro (2006) Pan's Labyrinth
25%
Alan Parker (1982) Pink Floyd : The Wall
25%
Céline Sciamma (2019) Portrait of a Lady on Fire
25%
Denis Villeneuve (2013) Prisoners
25%
Akira Kurosawa (1965) Red Beard
25%
Takeshi Koike (2009) Redline
25%
Alfred Hitchcock (1948) Rope
25%
Akira Kurosawa (1962) Sanjuro
25%
Béla Tarr (1994) Satantango
25%
Billy Wilder (1950) Sunset Boulevard
25%
Shinobu Yaguchi (2004) Swing Girls
25%
Larisa Shepitko (1977) The Ascent
25%
Gillo Pontecorvo (1966) The Battle of Algiers
25%
David Lean (1957) The Bridge on the River Kwai
25%
Tarsem Singh (2006) The Fall
25%
Clyde Bruckman/Buster Keaton (1926) The General
25%
Alexander Payne (2023) The Holdovers
25%
Thomas Vinterberg (2012) The Hunt
25%
Ridley Scott (1991) Thelma and Louise
25%
Charles Laughton (1955) The Night of the Hunter
25%
Carl Theodor Dreyer (1928) The Passion of Joan of Arc
25%
Christopher Nolan (2006) The Prestige
25%
George Roy Hill (1973) The Sting
25%
Isao Takahata (2013) The Tale of the Princess Kaguya
25%
Kaouther Ben Hania (2025) The Voice of Hind Rajab
25%
Akira Kurosawa (1957) Throne of Blood
25%
Emir Kusturica (1995) Underground
25%
Clint Eastwood (1992) Unforgiven
25%
Yoshifumi Kondo (1995) Whisper of the Heart
25%
Wim Wenders (1987) Wings of Desire
25%
Billy Wilder (1957) Witness for the Prosecution
25%
Hiroshi Teshigahara (1964) Woman in the Dunes
25%
Akira Kurosawa (1961) Yojimbo
25%
Rajkumar Hirani (2009) 3 Idiots
13%
Robert Altman (1977) 3 Women
13%
Billy Wilder (1951) Ace in the Hole
13%
Hirokazu Kore-eda (1998) After Life
13%
Rainer Werner Fassbinder (1974) Ali: Fear Eats the Soul
13%
Joseph L.Mankiewicz (1950) All About Eve
13%
Pedro Almodóvar (1999) All About My Mother
13%
Bob Fosse (1979) All That Jazz
13%
Emeric Pressburger/Michael Powell (1946) A Matter of Life and Death
13%
Tony Kaye (1998) American History X
13%
Mohsen Makhmalbaf (1996) A Moment of Innocence
13%
Michael Haneke (2012) Amour
13%
Otto Preminger (1959) Anatomy of a Murder
13%
Satyajit Ray (1956) Aparajito
13%
Vittorio De Sica (1948) Bicycle Thieves
13%
Yuzuru Tachikawa (2023) Blue Giant
13%
George Roy Hill (1969) Butch Cassidy and the Sundance Kid
13%
Nadine Labaki (2018) Capernaum
13%
Walter Salles (1998) Central Station
13%
Marcel Carné (1945) Children of Paradise
13%
Roman Polanski (1974) Chinatown
13%
Kiyoshi Kurosawa (1997) Cure
13%
Wolfang Petersen (1981) Das Boot
13%
Akira Kurosawa (1975) Dersu Uzala
13%
Billy Wilder (1944) Double Indemnity
13%
Theo Angelopoulos (1998) Eternity and a Day
13%
Sidney Lumet (1964) Fail Safe
13%
Chen Kaige (1993) Farewell My Concubine
13%
Yasujirō Ozu (1959) Good Morning
13%
Wong Kar-Wai (1997) Happy Together
13%
John Woo (1992) Hard Boiled
13%
Alfonso Cuaron (2004) Harry Potter and the Prisoner of Azkaban
13%
Pat Boonnitipat (2024) How to Make Millions Before Grandma Dies
13%
Mikhail Kalatozov (1964) I Am Cuba
13%
Ernesto Contreras (2017) I Dream in Another Language
13%
Walter Salles (2024) I'm Still Here
13%
Kirk Jones (2025) I Swear
13%
Frank Capra (1934) It Happened One Night
13%
Andrei Tarkovsky (1962) Ivan's Childhood
13%
Stanley Kramer (1961) Judgement at Nuremberg
13%
Akira Kurosawa (1980) Kagemusha
13%
Tetsuya Nakashima (2004) Kamikaze Girls
13%
Sergio Pablos (2019) Klaus
13%
Federico Fellini (1960) La Dolce Vita
13%
Michelangelo Antonioni (1961) La Notte
13%
Yasujirō Ozu (1949) Late Spring
13%
Jacques Becker (1960) Le Trou
13%
Abbas Kiarostami (1992) Life, and Nothing More
13%
Nobuhiro Yamashita (2005) Linda Linda Linda
13%
Kiyotaka Oshiyama (2024) Look Back
13%
Adam Elliot (2009) Mary and Max
13%
Robert Altman (1971) McCabe and Mrs. Miller
13%
Adam Elliot (2024) Memoir of a Snail
13%
Paul Schrader (1985) Mishima : A Life in Four Chapters
13%
Frank Capra (1939) Mr. Smith Goes to Washington
13%
Claude Barras (2016) My Life as a Zucchini
13%
Gregg Araki (2004) Mysterious Skin
13%
Robert Altman (1975) Nashville
13%
Sidney Lumet (1976) Network
13%
Masaaki Yuasa (2017) Night is Short, Walk on Girl
13%
Hirokazu Kore-eda (2004) Nobody Knows
13%
Andrei Tarkovsky (1983) Nostalgia
13%
Nuri Bilge Ceylan (2011) Once Upon a Time in Anatolia
13%
John Cassavetes (1977) Opening Night
13%
Satyajit Ray (1955) Pather Panchali
13%
Ingmar Bergman (1966) Persona
13%
Jacques Tati (1967) Playtime
13%
Yukihiro Miyamoto (2013) Puella Magi Madoka Magica the Movie Part 3 : Rebellion
13%
Jasmila Žbanić (2020) Quo Vadis, Aida ?
13%
Zhang Yimou (1991) Raise the Red Lantern
13%
Hideaki Anno (2000) Ritual
13%
William Wyler (1953) Roman Holiday
13%
S. S. Rajamouli (2022) RRR
13%
Ingmar Bergman (1974) Scenes from a Marriage
13%
Hirokazu Kore-eda (2018) Shoplifters
13%
Robert Altman (1993) Short Cuts
13%
Destin Daniel Cretton (2013) Short Term 12
13%
Greg Kwedar (2023) Sing Sing
13%
J.A. Bayona (2023) Society of the Snow
13%
Marcell Jankovics (1981) Son of the White Mare
13%
Darius Marder (2019) Sound of Metal
13%
Charlie Kaufman (2008) Synecdoche New York
13%
Abbas Kiarostami (1997) Taste of Cherry
13%
François Truffaut (1959) The 400 Blows
13%
Edward Sedgwick/Buster Keaton (1928) The Cameraman
13%
Francis Ford Coppola (1974) The Conversation
13%
Peter Greenaway (1989) The Cook, the Thief, His Wife and Her Lover
13%
Michael Cimino (1978) The Deer Hunter
13%
Ken Russel (1971) The Devils
13%
Florian Zeller (2020) The Father
13%
Takehiko Inoue (2022) The First Slam Dunk
13%
Charlie Chaplin (1925) The Gold Rush
13%
John Ford (1940) The Grapes of Wrath
13%
Charlie Chaplin (1921) The Kid
13%
John Woo (1989) The Killer
13%
Martin Scorsese (1982) The King of Comedy
13%
Peter Bogdanovich (1971) The Last Picture Show
13%
Michael Powell/Emeric Pressburger (1943) The Life and Death of Colonel Blimp
13%
Florian Henckel von Donnersmarck (2006) The Lives of Others
13%
Robert Altman (1973) The Long Goodbye
13%
John Ford (1962) The Man Who Shot Liberty Valance
13%
Andrei Tarkovsky (1986) The Sacrifice
13%
Ernst Lubitsch (1940) The Shop Around the Corner
13%
Víctor Erice (1973) The Spirit of the Beehive
13%
David Lynch (1999) The Straight Story
13%
Carol Reed (1949) The Third Man
13%
John Huston (1948) The Treasure of the Sierra Madre
13%
Cristóbal León/Joaquín Cociña (2018) The Wolf House
13%
Jacques Demy (1967) The Young Girls of Rochefort
13%
Sydney Pollack (1969) They Shoot Horses, Don't They ?
13%
Ernst Lubitsch (1942) To Be or Not to Be
13%
Danny Boyle (1996) Trainspotting
13%
Yoshiaki Kawajiri (2000) Vampire Hunter D: Bloodlust
13%
Ettore Scola (1974) We All Loved Each Other so Much
13%
Robert Aldrich (1962) What Ever Happened to Baby Jane ?
13%
Abbas Kiarostami (1987) Where is the Friend's House ?
13%
Mike Nichols (1966) Who's Afraid of Virginia Woolf?
13%
Ingmar Bergman (1963) Winter Light
13%
Cristian Mungiu (2007) 4 Months, 3 Weeks and 2 Days
0%
Asghar Farhadi (2009) About Elly
0%
Guel Arraes (2000) A Dog's Will
0%
Elia Kazan (1957) A Face in the Crowd
0%
Charlotte Wells (2022) Aftersun
0%
Wim Wenders (1974) Alice in the Cities
0%
Shunji Iwai (2001) All About Lily Chou-Chou
0%
Alan J. Pakula (1976) All the President’s Men
0%
Robert Bresson (1956) A Man Escaped
0%
Alejandro González Iñárritu (2000) Amores Perros
0%
Jacques Audiard (2009) A Prophet
0%
Satyajit Ray (1959) Apur Sansar
0%
Jean-Pierre Melville (1969) Army of Shadows
0%
Asghar Farhadi (2011) A Separation
0%
Ettore Scola (1977) A Special Day
0%
Louis Malle (1987) Au Revoir les Enfants
0%
Michel Ocelot (2006) Azur and Asmar : The Princes' Quest
0%
Derek Tsang Kwok-Cheung (2019) Better Days
0%
Lars Von Trier (1996) Breaking the Waves
0%
David Lean (1945) Brief Encounter
0%
Bob Fosse (1972) Cabaret
0%
Héctor Babenco (2003) Carandiru
0%
Majid Majidi (1997) Children of Heaven
0%
Agnès Varda (1962) Cleo from 5 to 7
0%
Mike Mills (2021) C'mon C'mon
0%
Peter Chan Ho-Sun (1996) Comrades, Almost a Love Story
0%
Stuart Rosenberg (1967) Cool Hand Luke
0%
Carlos Saura (1976) Cria !
0%
Lars Von Trier (2000) Dancer in the Dark
0%
François Truffaut (1973) Day for Night
0%
Henri-Georges Clouzot (1955) Diabolique
0%
Larvs Von Trier (2003) Dogville
0%
Ang Lee (1994) Eat Drink Man Woman
0%
Circo Guerra (2015) Embrace of the Serpent
0%
Stéphane Aubier/Vincent Patar/Benjamin Renner (2012) Ernest and Celestine
0%
Yandy Laurens (2023) Falling in Love like in the Movies
0%
F. W. Murneau (1926) Faust
0%
Takeshi Kitano (1997) Fireworks
0%
Werner Herzog (1982) Fitzcarraldo
0%
Toshio Matsumoto (1969) Funeral Parade of Roses
0%
Anurag Kashyap (2012) Gangs of Wasseypur : Part 2
0%
Jean Renoir (1937) Grand Illusion
0%
Alonso Ruizpalacios (2014) Güeros
0%
Susuma Mitsunaka (2024) HAIKYU : The Dumpster Battle
0%
Alain Resnais (1959) Hiroshima Mon Amour
0%
Lee Joon-Ik (2013) Hope
0%
Mike Cheslik (2022) Hundreds of Beavers
0%
Dino Risi (1962) Il Sorpasso
0%
Nicholas Ray (1950) In a Lonely Place
0%
Richard Brooks (1967) In Cold Blood
0%
Jim Sheridan (1993) In The Name of the Father
0%
Elio Petri (1970) Investigation of a Citizen Above Suspicion
0%
Chantal Akerman (1975) Jeanne Dielman, 23, quai du Commerce, 1080 Bruxelles
0%
Saim Sadiq (2022) Joyland
0%
Ken Loach (1969) Kes
0%
Madhu C. Narayanan (2019) Kumbalangi Nights
0%
Theo Angelopoulos (1988) Landscape in the Mist
0%
Federico Fellini (1954) La Strada
0%
Agnès Varda (1965) Le Bonheur
0%
Jean-Pierre Melville Le Cercle Rouge
0%
Jean-Pierre Melville (1967) Le Samouraï
0%
Hirokazu Kore-eda (2013) Like Father, Like Son
0%
Lukas Moodysson (2002) Lilya 4-ever
0%
John Cassavetes (1984) Love Streams
0%
Roberto Gavaldón (1960) Macario
0%
C. Prem Kumar (2024) Meiyazhagan
0%
John Schlesinger (1969) Midnight Cowboy
0%
Masaaki Yuasa (2004) Mind Game
0%
Deniz Gamze Ergüven (2015) Mustang
0%
Éric Rohmer (1969) My Night at Maud's
0%
Federico Fellini (1957) Nights of Cabaria
0%
Fabián Bielinsky (2000) Nine Queens
0%
Agnès Varda (1977) One Sings, The Other Doesn't
0%
Elia Kazan (1954) On the Waterfront
0%
Celine Song (2023) Past Lives
0%
Vincent Paronnaud/Marjane Satrapi (2007) Persepolis
0%
Brian de Palma (1974) Phantom of the Paradise
0%
Héctor Babenco (1980) Pixote
0%
Lee Chang-Dong (2010) Poetry
0%
Matthew Warchus (2014) Pride
0%
Joe Wright (2005) Pride and Prejudice
0%
Peter Watkins (1971) Punishment Park
0%
Jules Dassin (1955) Rififi
0%
Howard Hawks (1959) Rio Bravo
0%
Luchino Visconti (1960) Rocco and his Brothers
0%
Roberto Rossellini (1945) Rome Open City
0%
Kenzi Mizoguchi (1954) Sansho the Bailiff
0%
John Frankenheimer (1966) Seconds
0%
Mike Leigh (1996) Secrets and Lies
0%
Ingmar Bergman (1968) Shame
0%
Hwang Dong-hyuk (2011) Silenced
0%
Tomm Moore (2014) Song of the Sea
0%
William Friedkin (1977) Sorcerer
0%
Boris Lojkine (2024) Souleymane's Story
0%
Kim Ki-duk (2003) Spring, Summer, Fall, Winter… and Spring
0%
Hirokazu Kore-eda (2008) Still Walking
0%
F. W. Murnau (1927) Sunrise: A Song of Two Humans
0%
Alexander Mackendrick (1957) Sweet Smell of Success
0%
Jūzō Itami (1985) Tampopo
0%
Edward Yang (1986) Terrorizers
0%
William Wyler (1946) The Best Years of our Lives
0%
Rainer Werner Fassbinder (1972) The Bitter Tears of Petra von Kant
0%
Thomas Vinterberg (1998) The Celebration
0%
William Wyler (1961) The Children’s Hour
0%
Sergei Parajanov (1969) The Color of Pomegranates
0%
Bernardo Bertolucci (1970) The Conformist
0%
Juraj Herz (1969) The Cremator
0%
Luis Buñuel (1962) The Exterminating Angel
0%
Hiroshi Teshigahara (1966) The Face of Another
0%
Louis Malle (1963) The Fire Within
0%
John Sturges (1963) The Great Escape
0%
Sergio Corbucci (1968) The Great Silence
0%
Eric Rhomer (1986) The Green Ray
0%
Akira Kurosawa (1958) The Hidden Fortress
0%
Éric Toledano/Olivier Nakache (2011) The Intouchables
0%
Luchino Visconti (1963) The Leopard
0%
Leos Carax (1991) The Lovers on the Bridge
0%
Bernard Queysanne (1974) The Man Who Sleeps
0%
Emeric Pressburger/Michael Powell (1948) The Red Shoes
0%
Paola Cortellesi (2023) There's Still Tomorrow
0%
Anna Muylaert (2015) The Second Mother
0%
Juan José Campanella (2009) The Secret in Their Eyes
0%
Joseph Losey (1963) The Servant
0%
Kihachi Okamoto (1966) The Sword of Doom
0%
Béla Tarr (2011) The Turin Horse
0%
Jacques Demy (1964) The Umbrellas of Cherbourg
0%
Ingmar Bergman (1960) The Virgin Spring
0%
Henri-Georges Clouzot (1953) The Wages of Fear
0%
Michael Haneke (2009) The White Ribbon
0%
Luis Buñuel (1950) The Young and the Damned
0%
Mick Jackson (1984) Threads
0%
Krzysztof Kieślowski (1993) Three Colours : Blue
0%
Krzysztof Kieślowski (1994) Three Colours : Red
0%
Ingmar Bergman (1961) Through a Glass Darkly
0%
Abbas Kiarostami (1994) Through the Olivre Trees
0%
Emir Kusturica (1988) Time of the Gypsies
0%
Kiyoshi Kurosawa (2008) Tokyo Sonata
0%
Orson Welles (1958) Touch of Evil
0%
Kenji Mizoguchi (1953) Ugetsu
0%
Vittoria de Sica (1952) Umberto D.
0%
Vetrimaaran (2018) Vada Chennai
0%
Béla Tarr (2000) Werckmeister Harmonies
0%
Nabwana IGG (2010) Who Killed Captain Alex ?
0%
Damián Szifron (2014) Wild Tales
0%
Nuri Bilge Ceylan (2014) Winter Sleep
0%
Tomm Moore/Ross Stewart (2020) Wolfwalkers
0%
Alfonso Cuaron (2001) Y Tu Mama Tambien
0%
No matching quizzes found
Score Distribution
Percent of People with Each Score
Percentile by Number Answered
Your Score History
You have not taken this quiz since the last reset